Score 0/7 Timer 03:00
0 Plays Today
Question Answer Wrong Answers
This well-known American men’s magazine publisher is born.
1926
Hugh Hefner
93.3%
Henry Luce
1.7%
Jeff Jarvis
1%
Andrew Heiskell
1%
Charles, Prince of Wales marries ______ in a civil ceremony at Windsor's Guildhall.
2005
Camilla Parker Bowles
85.1%
Catherine Elizabeth Middleton
8.7%
Sarah Elizabeth
1.4%
Birgitte Eva Henriksen
1%
This man surrenders the Army of Northern Virginia to Ulysses S. Grant at the Appomattox Courthouse, Virginia, effectively ending the American Civil War.
1865
Robert E. Lee
83.2%
Stonewall Jackson
7.8%
Jefferson Davis
5.8%
Braxton Bragg
1.1%
The first indoor professional baseball game is played with the opening of this Texas stadium.
1965
Astrodome
80.3%
AT&T Stadium
5.9%
Metrodome
8.1%
Kingdome
2.3%
A US Federal Court finds this former Panamanian dictator guilty of drug and racketeering charges. He is sentenced to 30 years in prison.
1992
Manuel Noriega
77.1%
Augusto Pinochet
8.8%
Rafael Carrera
6.8%
Porfirio Diaz
3.6%
Explorer Robert Cavelier de La Salle discovers the mouth of the Mississippi River. He claims the entire river basin for France, and names it ______.
1682
Louisiana
71.6%
Orleans
19.4%
Mississippi Territory
5%
Missouri
4%
This monarch, known for the founding and exploitation of the Congo Free State as a private venture, is born.
1835
Leopold II
61.5%
Ferdinand I
16.1%
Isabella II
6%
Napoleon III
15.3%
Remove Ads.
Support Sporcle.
Get the best of Sporcle when you Go Orange. This ad-free experience offers more features, more stats, and more fun while also helping to support Sporcle. Thank you for becoming a member.

You're not logged in!

Compare scores with friends on all Sporcle quizzes.
OR
Log In

Show Comments

Extras

Top Quizzes Today


Score Distribution

Your Account Isn't Verified!

In order to create a playlist on Sporcle, you need to verify the email address you used during registration. Go to your Sporcle Settings to finish the process.

Report this User

Report this user for behavior that violates our Community Guidelines.

Details: